000 00663nam a2200289Ia 4500
005 20260324145618.0
008 008 260324s9999 xx 000 0 eng d
020 _a9780203843987
037 _aEBOOK
040 _aCRL
040 _beng
040 _cCRL
041 _2eng
041 _aeng
084 _qCRL
100 _aArne Kalland
_91223576
245 0 _aShingu
245 2 _bA Study of a Japanese Fishing Community
260 _bTaylor and Francis
260 _c1980
365 _a
365 _b265
856 _uhttp://www.taylorfrancis.com/books/9780203843987
942 _cEBOOK
999 _c1831722
_d1831722